| 000 | 00954nam a2200241 a 4500 | ||
|---|---|---|---|
| 001 | 39578 | ||
| 003 | BD-RjUL | ||
| 005 | 20211209053023.0 | ||
| 008 | 160412s2005 bg ||||| |||| 00| 0 ben d | ||
| 020 |
_a9848471146 _c: TK 80.00 |
||
| 035 | _a(BD-RjUL)39691 | ||
| 040 |
_aBD-RjUL _bben _cBD-RjUL |
||
| 041 | _aben | ||
| 082 |
_223 _a894.5113 _bKEA 2005 |
||
| 100 |
_aকারতেশজ, ইমরে _9121910 |
||
| 245 | 1 | 0 |
_aঅনাগত শিশুর জন্য শীকগাথা / _cইমরে কারতেশজ; দ্বিজেন্দ্রনাথ বর্মন অনুবাদক |
| 260 |
_aঢাকা : _bসন্দেশ, _c২০০৫ |
||
| 300 |
_a৯৬ পৃ. ; _c২২ সেমি |
||
| 650 |
_aহাঙ্গেরী উপন্যাস _9121911 |
||
| 650 |
_aHungery Fiction _9121912 |
||
| 700 |
_a বর্মন, দ্বিজেন্দ্রনাথ _9121913 |
||
| 942 |
_2ddc _cBK |
||
| 999 |
_c39578 _d39578 |
||